000 00451nam a2200181Ia 4500
001 17533
005 20260306171524.0
008 260306s9999||||xx |||||||||||||| ||und||
041 _aESP
082 _a658.0072
_bB45 2020
100 _aBermúdez, Lilia Teresa,
_eAUT
245 0 _aInvestigación en la gestión empresarial
260 _c2020
300 _a303 páginas :
_c24 cm.
650 _aGEN
654 _aCAN
942 _cLIB
_dJUS
_fJUS
_2ddc
_n
999 _c17533
_d17533